Normal view
MARC view
- Poetry as Performance
Entry Topical Term
001 - CONTROL NUMBER
- control field: 2500
003 - CONTROL NUMBER IDENTIFIER
- control field: JO-AjAnu
005 - DATE AND TIME OF LATEST TRANSACTION
- control field: 20230606070720.0
008 - FIXED-LENGTH DATA ELEMENTS
- fixed length control field: 230606|| aca||aabn | a|a d
040 ## - CATALOGING SOURCE
- Original cataloging agency: JO-AjAnu
- Transcribing agency: JO-AjAnu
150 ## - HEADING--TOPICAL TERM
- Topical term or geographic name entry element: Poetry as Performance
670 ## - SOURCE DATA FOUND
- Source citation: Work cat.: (JO-AjAnu)1308: Beyond and Homer تأليف, author 2499, Poetry as Performance